000 00600nam a2200205Ia 4500
005 20250508162023.0
008 008 250505s9999 xx 000 0 eng d
037 _aTextual
040 _aFEDL
_beng
_cFEDL
041 _aeng
_2eng
084 _a330, COL
_qFEDL
100 _aColman David
245 0 _aEconomics of change in less development countries
260 _aMarket Place
_bMarket Place Philip Allan Publishers Limited
_c1978
300 _aix,309p.
650 _aEconomics
700 _a Nixson Frederick
_9772069
942 _cTEXL
_h330, COL
999 _c1373867
_d1373867